Представление документа в формате MARC21

Поле Инд. ПП Название Значение
Тип записи a
Библиографический уровень m
001 Контрольный номер RU/IS/BASE/402414294
005 Дата корректировки 20140703204405.1
040 a Служба первич. каталог. НБ ТвГУ
b Код языка каталог. rus
e Правила каталог. PSBO
041 0_ a Код языка текста rus
080 a Индекс УДК 94(47)"13/14"
084 a Индекс другой классификации/Индекс ББК Т3(2)42-7
090 a Полочн. индекс Т3(2)42
x Авторский знак Р 59
100 1_ a Автор Рогов Александр Иванович
c Титул (звания) к.и.н.
d Дата 1935-1996
q Полное имя Рогов А. И.
245 10 a Заглавие Было ли русское Возрождение?
b Продолж. заглавия лекция, прочитанная в Политехническом музее
c Ответственность Всесоюз. о-во "Знание", Всерос. о-во охраны памятников истории и культуры (ВООПИиК)
260 a Место издания Москва
b Издательство Знание
c Дата издания 1971
300 a Объем 30, [1] с.
b Иллюстрации/ тип воспроизводства ил.
500 a Примечание Из цикла "Памятники русской культуры"
653 a Ключевые слова 14 в.
a Ключевые слова 15 в.
a Ключевые слова Древнерусская культура
a Ключевые слова Древнерусская литература
a Ключевые слова Древнерусское искусство
a Ключевые слова Древняя Русь
a Ключевые слова Искусство
a Ключевые слова История культуры
a Ключевые слова История России
a Ключевые слова Культура
a Ключевые слова Литература
a Ключевые слова Россия
a Ключевые слова Русская культура
a Ключевые слова Русская литература
a Ключевые слова Русское искусство
901 t Тип документа m
920 a Оператор Густ
a Оператор Стро
952 c Вид литературы К рн
954 a Дата поступления на обработку 20130122
c Дата окончания ОНО 20130830